Cálculos en bioquímica : (Record no. 140199)

MARC details
000 -LEADER
campo de control de longitud fija 00655nam a2200193 4500
001 - NÚMERO DE CONTROL
campo de control 140199
003 - IDENTIFICADOR DE NÚMERO DE CONTROL
campo de control ES-MaACL
005 - FECHA Y HORA DE LA ÚLTIMA TRANSACCIÓN
campo de control 20230906200030.0
007 - CAMPO FIJO DE DESCRIPCIÓN FÍSICA--INFORMACIÓN GENERAL
campo de control de longitud fija t|
008 - DATOS DE LONGITUD FIJA--INFORMACIÓN GENERAL
campo de control de longitud fija 070214s1972 sp r ||||1| spa d
080 ## - NÚMERO DE LA CLASIFICACIÓN DECIMAL UNIVERSAL
Número de la Clasificación Decimal Universal 577.1(076)
100 1# - ENTRADA PRINCIPAL--NOMBRE DE PERSONA
Nombre de persona Segel, Irwin H.
9 (RLIN) 105129
245 10 - MENCIÓN DEL TÍTULO
Título Cálculos en bioquímica :
Resto del título resolución de problemas matemáticos en bioquímica /
Mención de responsabilidad, etc. Irwin H. Segel ; traducido por Francisco García Ferrándiz.
260 ## - PUBLICACIÓN, DISTRIBUCIÓN, ETC.
Lugar de publicación, distribución, etc. Zaragoza :
Nombre del editor, distribuidor, etc. Acribia,
Fecha de publicación, distribución, etc. 1972.
300 ## - DESCRIPCIÓN FÍSICA
Extensión XIII, 426 p. :
Otras características físicas il. ;
Dimensiones 24 cm.
650 #4 - PUNTO DE ACCESO ADICIONAL DE MATERIA--TÉRMINO DE MATERIA
Término de materia o nombre geográfico como elemento de entrada Bioquímica-
Subdivisión de forma Problemas.
9 (RLIN) 173496
700 1# - ENTRADA AGREGADA--NOMBRE PERSONAL
Nombre de persona García Ferrándiz, Francisco.
9 (RLIN) 54608
852 ## - LOCALIZACIÓN
Ubicación ES-MaACL
Número de control de estantería C-43121
Holdings
Estatus retirado Estado de pérdida Estado de daño No para préstamo Biblioteca de origen Biblioteca actual Ubicación en estantería Fecha de adquisición Fuente de adquisición Total de préstamos Signatura topográfica completa Código de barras Visto por última vez Precio de reemplazo Tipo de ítem Koha
        Biblioteca del Ateneo de Madrid Biblioteca del Ateneo de Madrid Depósito 2 17/01/2008     C-43121 1145896 23/02/2023 23/02/2023 Libro impreso